000 00702nam a2200253Ia 4500
003 OSt
005 20221007095155.0
006 a|||||r|||| 00| 0
007 ta
008 221006b |||||||| |||| 00| 0 eng d
020 _a8175341947
024 _a1,000
037 _cTextual
040 _aLCO
_cLCO
_beng
041 _2eng
_aeng
082 _aZ2,267, P0
100 _aKamath N. Ed.
_9700895
245 0 _aLaw Relating to Computers, Internet And E-Commerce
250 _a2nd
260 _aDelhi
_bUniversal Law Publishing Co. Pvt. Ltd. India
_c2000
650 _aInternet and E-commerce
_9700896
942 _hZ2,267, P0
_cTEXL
999 _c1170563
_d1170563